| 000 | 00553nam a22002057a 4500 | ||
|---|---|---|---|
| 003 | OSt | ||
| 005 | 20260219142651.0 | ||
| 008 | 260219b |||||||| |||| 00| 0 eng d | ||
| 040 | _cSBCL | ||
| 082 |
_a248.4 _bCHI-K |
||
| 100 | _aChittilapilly, Paul | ||
| 245 | _aKudumba Vishudheekaranam-Dhyanachinthakal-1 | ||
| 250 | _a1st ed. | ||
| 260 |
_aKozhikode _bChittilapilly,Paul _c2015 |
||
| 300 | _a80 p. | ||
| 630 | _xReligion | ||
| 650 | _aChristian moral & devotional theology | ||
| 650 | _aChristian experience, practice & life | ||
| 942 | _cBOOK | ||
| 999 |
_c137770 _d137770 |
||